000 01072cam a2200313 a 4500
001 2766
005 20260227100309.0
020 _a0786804327 (trade)
020 _a9780439095099
020 _a0786823828 (lib. ed.)
040 _aDLC
_cDLC
_dDLC
_beng
050 0 0 _aPZ7.K8369
_bSi 1998
082 0 0 _a813.54
_221
100 1 _aKorman, Gordon
245 1 4 _aThe 6th grade nickname game /
_cGordon Korman
246 3 _aSixth grade nickname game
250 _aFirst Scholastic printing, September 1999
260 _aNew York :
_bScholastic,
_c1998
300 _a154 pages ;
_c20 cm
505 _aM
520 _aEleven-year-old best friends Jeff and Wiley, who like to give nicknames to their classmates, try to find the right one for the new girl Cassandra, while adjusting to the football coach who has become their new teacher.
521 _a640
_bLexile
521 _aM
_bRaz-Plus
650 1 _aNicknames
_vFiction.
650 1 _aSchools
_vFiction.
650 1 _aHumorous stories.
906 _a7
_bcbc
_corignew
_d1
_eocip
_f19
_gy-gencatlg
942 _2ddc
_cBK
_n0
999 _c2766
_d2766